000
00337nam a2200133Ia 4500
008
240624s9999 xx 000 0 und d
041
_a
eng
082
_a
658.4092 LUS
100
_a
LUSCHER LOTTE S
245
_a
MANAGING LEADERSHIP PARADOXES
260
_c
2019
_a
London
_b
Routledge
300
_a
xiii, 170 p.; 23 cm.
365
_c
BPS
_b
33
999
_c
32318
_d
32318